The Political Economy of Poverty, Equity, and Growth : (Record no. 16086)
[ view plain ]
| 000 -LEADER | |
|---|---|
| fixed length control field | 01283nam a22002777a 4500 |
| 008 - FIXED-LENGTH DATA ELEMENTS--GENERAL INFORMATION | |
| fixed length control field | 110925s1991 enk|||||d|||| 001 0 eng d |
| 020 ## - INTERNATIONAL STANDARD BOOK NUMBER | |
| International Standard Book Number | 0195208250 |
| 020 ## - INTERNATIONAL STANDARD BOOK NUMBER | |
| International Standard Book Number | 9780195208252 |
| 082 ## - DEWEY DECIMAL CLASSIFICATION NUMBER | |
| Edition number | 22 |
| Classification number | 330.9561 |
| Item number | HAN |
| 100 ## - MAIN ENTRY--PERSONAL NAME | |
| 9 (RLIN) | 27354 |
| Personal name | Hansen, Bent |
| Dates associated with a name | 1920- |
| 245 ## - TITLE STATEMENT | |
| Title | The Political Economy of Poverty, Equity, and Growth : |
| Remainder of title | Egypt and Turkey / |
| Statement of responsibility, etc | Bent Hansen |
| 260 ## - PUBLICATION, DISTRIBUTION, ETC. (IMPRINT) | |
| Place of publication, distribution, etc | Oxford [England] ; New York : |
| Name of publisher, distributor, etc | Published for the World Bank [by] Oxford University Press, c1991. |
| Date of publication, distribution, etc | 1991 |
| 300 ## - PHYSICAL DESCRIPTION | |
| Extent | 572 p. : |
| Other physical details | ill. ; |
| Dimensions | 25 cm. |
| 490 ## - Series Statement | |
| -- | 27355 |
| Series statement | A World Bank comparative study |
| 504 ## - BIBLIOGRAPHY, ETC. NOTE | |
| Bibliography, etc | Includes bibliographical references (p.548-558) and index |
| 650 ## - SUBJECT ADDED ENTRY--TOPICAL TERM | |
| 9 (RLIN) | 27358 |
| Topical term or geographic name as entry element | Income distribution |
| General subdivision | History |
| Geographic subdivision | Turkey |
| 650 ## - SUBJECT ADDED ENTRY--TOPICAL TERM | |
| 9 (RLIN) | 27356 |
| Topical term or geographic name as entry element | Income distribution |
| General subdivision | History |
| Geographic subdivision | Egypt |
| 650 ## - SUBJECT ADDED ENTRY--TOPICAL TERM | |
| 9 (RLIN) | 27357 |
| Topical term or geographic name as entry element | Poor |
| General subdivision | History |
| Geographic subdivision | Egypt |
| 650 ## - SUBJECT ADDED ENTRY--TOPICAL TERM | |
| 9 (RLIN) | 27360 |
| Topical term or geographic name as entry element | Poor |
| General subdivision | History |
| Geographic subdivision | Turkey |
| 651 ## - SUBJECT ADDED ENTRY--GEOGRAPHIC NAME | |
| 9 (RLIN) | 27362 |
| Geographic name | Egypt |
| General subdivision | Economic conditions |
| Chronological subdivision | 1919-1952 |
| 651 ## - SUBJECT ADDED ENTRY--GEOGRAPHIC NAME | |
| 9 (RLIN) | 27363 |
| Geographic name | Turkey |
| General subdivision | Economic conditions |
| Chronological subdivision | 1918-1960 |
| 651 ## - SUBJECT ADDED ENTRY--GEOGRAPHIC NAME | |
| 9 (RLIN) | 27362 |
| Geographic name | Egypt |
| General subdivision | Economic conditions |
| Chronological subdivision | 1919-1952 |
| 653 ## - INDEX TERM--UNCONTROLLED | |
| Resource For college | |
| Arrived date list | September2011 |
| 942 ## - ADDED ENTRY ELEMENTS (KOHA) | |
| Source of classification or shelving scheme | Dewey Decimal Classification |
| Item type | NB - Book (Non borrowing) |
| Withdrawn status | Item status | Source of classification or shelving scheme | Damaged status | Not for loan | Vendor | Home library | Current library | Shelving location | Date acquired | Source of acquisition | Cost, normal purchase price | Serial Enumeration / chronology | Total Checkouts | Full call number | Barcode | Date last seen | Date last borrowed | Koha item type |
|---|---|---|---|---|---|---|---|---|---|---|---|---|---|---|---|---|---|---|
| Dewey Decimal Classification | Baccah | Central Library | Central Library | First floor | 25/09/2011 | 910.00 | 12253 | 13 | 330.9561 HAN | 000024924 | 15/07/2025 | 24/11/2013 | NB - Book (Non borrowing) |